Výroba slévárenských hliníkových slitin v Kovohutích Mníšek

Bibliographic Details
Main Author: Servín, Jan (Author)
Format: Article
Language:Czech
PhysicalDescription:Tb. 2. Graf 1.
Subjects:

MARC

LEADER 00000nab a2200000 a 4500
001 vtls000399252
003 SK-MaSNL
005 20260302231739.0
008 160201c1990 xo 0 cze
015 |a SNBRA19rr/mm-uuuuu 
035 |a CL0399376 
040 |a SNKBUCL  |b slo  |c SNKBUCL  |e AACR2 
041 0 |a cze 
044 |a xo  |c SK 
080 |a 621.74:669.71.018  |2 1981 
080 |a 669.71.018  |2 1981 
080 |a 669.71.018-14  |2 1981 
100 1 |a Servín, Jan  |4 aut  |9 962993 
245 1 0 |a Výroba slévárenských hliníkových slitin v Kovohutích Mníšek  |c Jan Servín 
300 |b Tb. 2. Graf 1. 
650 0 7 |a zliatiny Al  |2 snkbucl  |9 770155 
650 0 7 |a zlievarenstvo  |2 snkbucl  |9 67317 
650 0 7 |a Kovohutě, s.p., Mníšek  |2 snkbucl  |9 962994 
651 7 |a 3210  |2 snkbucl  |9 921460 
655 7 |a články zo zborníkov  |2 snkbucl  |9 166140 
773 0 |t Novinky vo výrobe odliatkov z neželezných kovov  |d Žilina : Dom techniky ČSVTS, 1990  |g S. 35-45 
850 |a Slovenská národná knižnica v Martine  |a MTA001 
852 |a SNK  |b KIS3GCP 
958 |a RK 
958 |a CZ 
992 |a RZB 
999 |c 1539913  |d 1541843